Dark clouds, deep mercy : (Record no. 21575)
[ view plain ]
| 000 -LEADER | |
|---|---|
| fixed length control field | 01579cam a2200397 i 4500 |
| 001 - CONTROL NUMBER | |
| control field | 20590374 |
| 003 - CONTROL NUMBER IDENTIFIER | |
| control field | OSt |
| 005 - DATE AND TIME OF LATEST TRANSACTION | |
| control field | 20260319142501.0 |
| 008 - FIXED-LENGTH DATA ELEMENTS--GENERAL INFORMATION | |
| fixed length control field | 180719s2019 ilu b 001 0 eng |
| 010 ## - LIBRARY OF CONGRESS CONTROL NUMBER | |
| LC control number | 2018034125 |
| 020 ## - INTERNATIONAL STANDARD BOOK NUMBER | |
| International Standard Book Number | 9781433561481 |
| Qualifying information | trade paperback |
| 020 ## - INTERNATIONAL STANDARD BOOK NUMBER | |
| Canceled/invalid ISBN | 9781433561498 (pdf) |
| 020 ## - INTERNATIONAL STANDARD BOOK NUMBER | |
| Canceled/invalid ISBN | 9781433561504 (mobipocket) |
| 035 ## - SYSTEM CONTROL NUMBER | |
| System control number | 20590374 |
| 040 ## - CATALOGING SOURCE | |
| Original cataloging agency | DLC |
| Language of cataloging | eng |
| Transcribing agency | DLC |
| Description conventions | rda |
| Modifying agency | DLC |
| 042 ## - AUTHENTICATION CODE | |
| Authentication code | pcc |
| 050 00 - LIBRARY OF CONGRESS CALL NUMBER | |
| Classification number | BS1199.L27 |
| Item number | V76 2019 |
| 082 00 - DEWEY DECIMAL CLASSIFICATION NUMBER | |
| Classification number | 220.6/6 |
| Edition number | 23 |
| 100 1# - MAIN ENTRY--PERSONAL NAME | |
| Personal name | Vroegop, Mark, |
| Dates associated with a name | 1971- |
| Relator term | author. |
| 245 10 - TITLE STATEMENT | |
| Title | Dark clouds, deep mercy : |
| Remainder of title | discovering the grace of lament / |
| Statement of responsibility, etc. | Mark Vroegop ; foreword by Joni Eareckson Tada. |
| 264 #1 - PRODUCTION, PUBLICATION, DISTRIBUTION, MANUFACTURE, AND COPYRIGHT NOTICE | |
| Place of production, publication, distribution, manufacture | Wheaton, Illinois : |
| Name of producer, publisher, distributor, manufacturer | Crossway, |
| Date of production, publication, distribution, manufacture, or copyright notice | [2019] |
| 300 ## - PHYSICAL DESCRIPTION | |
| Extent | 223 pages ; |
| Dimensions | 21 cm |
| 336 ## - CONTENT TYPE | |
| Content type term | text |
| Content type code | txt |
| Source | rdacontent |
| 337 ## - MEDIA TYPE | |
| Media type term | unmediated |
| Media type code | n |
| Source | rdamedia |
| 338 ## - CARRIER TYPE | |
| Carrier type term | volume |
| Carrier type code | nc |
| Source | rdacarrier |
| 504 ## - BIBLIOGRAPHY, ETC. NOTE | |
| Bibliography, etc | Includes bibliographical references (pages [211]-213) and indexes. |
| 630 00 - SUBJECT ADDED ENTRY--UNIFORM TITLE | |
| Uniform title | Bible. |
| Name of part/section of a work | Psalms |
| General subdivision | Criticism, interpretation, etc. |
| 630 00 - SUBJECT ADDED ENTRY--UNIFORM TITLE | |
| Uniform title | Bible. |
| Name of part/section of a work | Lamentations |
| General subdivision | Criticism, interpretation, etc. |
| 650 #0 - SUBJECT ADDED ENTRY--TOPICAL TERM | |
| Topical term or geographic name as entry element | Laments in the Bible. |
| 650 #0 - SUBJECT ADDED ENTRY--TOPICAL TERM | |
| Topical term or geographic name as entry element | Grief |
| General subdivision | Religious aspects |
| -- | Christianity. |
| 650 #0 - SUBJECT ADDED ENTRY--TOPICAL TERM | |
| Topical term or geographic name as entry element | Suffering |
| General subdivision | Religious aspects |
| -- | Christianity. |
| 776 08 - ADDITIONAL PHYSICAL FORM ENTRY | |
| Relationship information | Online version: |
| Main entry heading | Vroegop, Mark, 1971- author. |
| Title | Dark clouds, deep mercy |
| Place, publisher, and date of publication | Wheaton, Illinois : Crossway, [2019] |
| International Standard Book Number | 9781433561498 |
| Record control number | (DLC) 2018052571 |
| 906 ## - LOCAL DATA ELEMENT F, LDF (RLIN) | |
| a | 7 |
| b | cbc |
| c | orignew |
| d | 1 |
| e | ecip |
| f | 20 |
| g | y-gencatlg |
| 942 ## - ADDED ENTRY ELEMENTS (KOHA) | |
| Source of classification or shelving scheme | Library of Congress Classification |
| Koha item type | General Collection |
| Withdrawn status | Lost status | Source of classification or shelving scheme | Not for loan | Home library | Current library | Shelving location | Date acquired | Source of acquisition | Inventory number | Total Checkouts | Full call number | Barcode | Date last seen | Copy number | Price effective from | Koha item type |
|---|---|---|---|---|---|---|---|---|---|---|---|---|---|---|---|---|
| Library of Congress Classification | Kabarak, Main Campus | Kabarak, Main Campus | General Stacks | 19/03/2026 | Donation | 2025/2782 | BS1199.L27 V76 2019 C.1 | 39035 | 19/03/2026 | C.1 | 19/03/2026 | General Collection |